000 00667nam a2200169Ia 4500
008 090711s9999 xx 000 0 und d
082 _b7006
100 _aआपटे गुरुजी
245 _aस्वराज्य मार्गदर्शक लोकमान्य टिळक
260 _c1940
300 _a208
600 _aआपटे गुरुजी
630 _aस्वराज्य मार्गदर्शक लोकमान्य टिळक
700 _aआपटे गुरुजी
730 _aस्वराज्य मार्गदर्शक लोकमान्य टिळक
942 _cBOOK
999 _c323346
_d323346